[Event "Munich-ch VM1"]
[Site "Munich"]
[Date "2006.02.11"]
[Round "8"]
[White "Schmidt, Walter1111"]
[Black "Utz, Guenther"]
[Result "1/2-1/2"]
[WhiteElo "2056"]
[BlackElo "2064"]
[PlyCount "70"]
[EventDate "2006.01.20"]
[EventType "tourn"]
[EventRounds "9"]
[EventCountry "GER"]
[SourceTitle "EXT 2007"]
[Source "ChessBase"]
[SourceDate "2006.11.23"]
[SourceVersion "1"]
[SourceVersionDate "2006.11.23"]
[SourceQuality "1"]

1. e4 e6 2. d4 d5 3. e5 c5 4. c3 Nc6 5. Nf3 Qb6 6. Bd3 cxd4 7. cxd4 Bd7 8. Nc3 Nxd4 9. Nxd4 Qxd4 10. 0-0 a6 11. Qe2 Qb6 12. Kh1 Ne7 13. f4 0-0-0 14. Be3 d4 15. Bg1 Bc6 16. Ne4 Nd5 17. a3 Be7 18. Rac1 h5 19. b4 Kb8 20. Nd2 Ne3 21. Nc4 Nxc4 22. Bxc4 Bb5 23. Rfd1 Bxc4 24. Qxc4 Rc8 25. Qd3 Rxc1 26. Rxc1 Rd8 27. Rd1 Qc6 28. Bxd4 g6 29. Qe3 Rc8 30. Kg1 Qa4 31. Rd2 Rc2 32. Bb2 Rxd2 33. Qxd2 Qc6 34. Bd4 b6 35. Kf2 Kb7 1/2-1/2